000
00287nam a22001337a 4500
008
170725b xxu||||| |||| 00| 0 eng d
020
_a
9780201737349
041
_a
eng
080
_a
004
100
_a
29
101
_a
SHK
245
_a
LIGHT ON THE WEB
_c
LEHNERT,W.G
942
_2
udc
_c
BK
999
_c
21877
_d
21877